European Diaspora by Ethnicity - Statistics

General Stats
  • This quiz has been taken 2,101 times
  • The average score is 36 of 40
Answer Stats
Ethnic Group Answer # % Correct
English United States 46 550 968
100%
Irish United States 33 348 049
100%
French United States 11 800 000
100%
Polish United States 9 569 207
100%
Germans United States 46 882 727
100%
Italians United States 18 000 000
100%
Russians United States 3 100 000
100%
Portuguese United States 1 400 000
100%
English Canada 6 263 880
99%
Irish Canada 4 544 870
99%
French Canada 12 000 000
99%
Polish Canada 1 010 705
99%
Germans Canada 3 322 405
99%
Russians Canada 622 445
99%
Portuguese Canada 550 000
99%
English Australia 8 385 928
97%
Irish Australia 7 000 000
97%
Polish Australia 209 284
97%
French Brazil 2 000 000
97%
Polish Brazil 3 000 000
97%
Germans Brazil 12 000 000
97%
Italians Brazil 32 000 000
97%
Russians Brazil 1 800 000
97%
Portuguese Brazil 180 000 000
97%
Irish Argentina 1 000 000
94%
French Argentina 6 000 000
94%
Polish Argentina 500 000
94%
Germans Argentina 3 500 000
94%
Italians Argentina 25 000 000
94%
English South Africa 1 500 000
87%
Germans South Africa 1 200 000
87%
English Chile 820 000
78%
French Chile 900 000
78%
Russians Kazakhstan 2 983 317
67%
Irish Uruguay 150 000
63%
Italians Venezuela 5 000 000
62%
Portuguese Venezuela 1 300 000
62%
Portuguese Angola 500 000
57%
Russians Uzbekistan 640 000
53%
Italians Paraguay 2 500 000
52%
No matching quizzes found
Score Distribution
Percent of People with Each Score
Percentile by Number Answered
Your Score History
You have not taken this quiz